| 000 | 01502cam a22003254a 4500 | ||
|---|---|---|---|
| 001 | 12483088 | ||
| 005 | 20030903114307.0 | ||
| 008 | 010726s2002 njua | b 001 0 eng d | ||
| 010 | _a 2001036870 | ||
| 020 | _a0691088047 (alk. paper) | ||
| 020 | _a0691088055 (pbk. : alk. paper) | ||
| 040 |
_aDLC _cDLC _dDLC |
||
| 042 | _apcc | ||
| 043 | _an-us--- | ||
| 050 | 0 | 0 |
_aJV6483 _b.T494 2002 |
| 082 | 0 | 0 |
_221 _a325.73 _bTIC |
| 100 | 1 |
_aTichenor, Daniel J., _d1966- _913904 |
|
| 245 | 1 | 0 |
_aDividing Lines : _bThe Politics of Immigration Control in America / _cDaniel J. Tichenor. |
| 260 |
_aPrinceton, N.J. : _bPrinceton University Press, _cc2002. |
||
| 300 |
_axii, 378 p. : _bill. ; _c24 cm. |
||
| 490 | 0 |
_aPrinceton studies in American politics _913907 |
|
| 504 | _aIncludes bibliographical references and index. | ||
| 651 | 0 |
_aUnited States _xEmigration and immigration _xGovernment policy _xHistory. _913905 |
|
| 856 | 4 | 1 |
_3Sample text _uhttp://www.loc.gov/catdir/samples/prin031/2001036870.html |
| 856 | 4 | 1 |
_3Table of contents _uhttp://www.loc.gov/catdir/toc/prin031/2001036870.html |
| 856 | 4 | 2 |
_3Publisher description _uhttp://www.loc.gov/catdir/description/prin021/2001036870.html |
| 942 |
_2ddc _cBB |
||
| 999 |
_c13973 _d13973 |
||